000 00575nam a2200241Ia 4500
005 20250425161917.0
008 250425s9999 xx 000 0 und d
020 _a013030560X
041 _aeng
082 _a658.8
100 _aKOTLER, PHILIP.
245 0 _aPRINCIPLES OF MARKETING
250 _a6TH ED.
260 _aEstados Unidos
_bPRENTICE HALL
_c1994
260 _aS.L.
300 _a677
650 _aANALISIS DE MERCADO
650 _aESTRATEGIAS DE MARKETING
650 _aMARKETING
650 _aMARKETING-GESTION
942 _c01
010 _a34660
999 _c218658
_d218658